Reptile... or Amphibian? - Statistics

General Stats
  • This quiz has been taken 1,396 times
    111 since last reset
  • The average score is 20 of 25
Answer Stats
Question Answer % Correct
Lizard Reptile
99%
Frog Amphibian
98%
Iguana Reptile
98%
Toad Amphibian
96%
Chameleon Reptile
96%
Tortoise Reptile
95%
Tadpole Amphibian
94%
Anaconda Reptile
94%
Gecko Reptile
94%
Worm Neither
92%
Newt Amphibian
89%
Salamander Amphibian
89%
Slug Neither
89%
Gila monster Reptile
89%
Turtle Reptile
88%
Axolotl Amphibian
86%
Eel Neither
86%
Caiman Reptile
84%
Sea snake Reptile
78%
Gharial Reptile
74%
Skink Reptile
64%
Caecilian Amphibian
56%
Mudpuppy Amphibian
54%
Eft Amphibian
41%
Horny toad Reptile
26%
No matching quizzes found
Score Distribution
Percent of People with Each Score
Percentile by Number Answered
Your Score History
You have not taken this quiz since the last reset